ARRUPE JESUIT UNIVERSITY

CORONAVIRUS -STOP THE SPREAD - CLEAN,DISINFECT,COVER

Researching conflict in Africa : (Record no. 131112)

MARC details
000 -LEADER
fixed length control field 02381cam a2200337 a 4500
001 - CONTROL NUMBER
control field 14068395
003 - CONTROL NUMBER IDENTIFIER
control field ARRUPE
005 - DATE AND TIME OF LATEST TRANSACTION
control field 20211104104628.0
008 - FIXED-LENGTH DATA ELEMENTS--GENERAL INFORMATION
fixed length control field 050809s2005 ja b 001 0 eng
010 ## - LIBRARY OF CONGRESS CONTROL NUMBER
LC control number 2005022850
020 ## - INTERNATIONAL STANDARD BOOK NUMBER
International Standard Book Number 9280811193 (pbk.)
040 ## - CATALOGING SOURCE
Original cataloging agency DLC
Transcribing agency DLC
Modifying agency DLC
042 ## - AUTHENTICATION CODE
Authentication code pcc
043 ## - GEOGRAPHIC AREA CODE
Geographic area code f------
050 00 - LIBRARY OF CONGRESS CALL NUMBER
Classification number HN780.Z9
Item number S628 2005
082 00 - DEWEY DECIMAL CLASSIFICATION NUMBER
Classification number 303.6/072/06
Edition number 22
300 ## - PHYSICAL DESCRIPTION
Dimensions 24 cm.
245 00 - TITLE STATEMENT
Title Researching conflict in Africa :
Remainder of title insights and experiences /
Statement of responsibility, etc edited by Elisabeth Porter ... [et al.].
260 ## - PUBLICATION, DISTRIBUTION, ETC. (IMPRINT)
Place of publication, distribution, etc Tokyo ;
-- New York :
Name of publisher, distributor, etc United Nations University Press,
Date of publication, distribution, etc 2005.
300 ## - PHYSICAL DESCRIPTION
Extent xiii, 170 p. ;
504 ## - BIBLIOGRAPHY, ETC. NOTE
Bibliography, etc Includes bibliographical references and index.
505 0# - FORMATTED CONTENTS NOTE
Formatted contents note Introduction / Eghosa Osaghae and Gillian Robinson -- Insider-outsider issues in researching violent and divided societies / Marie Smyth -- Preventing and managing violent conflict : the role of the researcher / Albrecht Schnabel -- The role and function of research in a divided society : a case study of the Niger Delta region of Nigeria / Bolanle Akande Adetoun -- Methodological lessons : working with Liberian and Togolese refugees in Ghana / Dominic Agyeman -- Applying social work practice to the study of ethnic militias : the Oduduwa People's Congress in Nigeria / Isaac Olawale Albert -- Researching ethno-political conflicts and violence in the Democratic Republic of Congo / Arsène Mwaka Bwenge -- Accessing the child's voice : methods used in South Africa / Jacqui Gallinetti -- Certainty, subjectivity, and truth : reflections on the ethics of wartime research in Angola / J. Zoë Wilson -- Gender research in violently divided societies : methods and ethics of "international" researchers in Rwanda / Erin K. Baines -- Conclusion: Reflections on contemporary research in Africa / Elisabeth Porter.
650 #0 - SUBJECT ADDED ENTRY--TOPICAL TERM
Topical term or geographic name as entry element Social conflict
General subdivision Research
Geographic subdivision Africa.
9 (RLIN) 50990
650 #0 - SUBJECT ADDED ENTRY--TOPICAL TERM
Topical term or geographic name as entry element Ethnic conflict
General subdivision Research
Geographic subdivision Africa.
9 (RLIN) 50991
650 #0 - SUBJECT ADDED ENTRY--TOPICAL TERM
Topical term or geographic name as entry element Violence
General subdivision Research
Geographic subdivision Africa.
9 (RLIN) 50992
650 #0 - SUBJECT ADDED ENTRY--TOPICAL TERM
Topical term or geographic name as entry element Research
General subdivision Moral and ethical aspects
Geographic subdivision Africa.
9 (RLIN) 50993
700 1# - ADDED ENTRY--PERSONAL NAME
Personal name Porter, Elisabeth J.
9 (RLIN) 50994
856 41 - ELECTRONIC LOCATION AND ACCESS
Materials specified Table of contents
Uniform Resource Identifier <a href="http://www.loc.gov/catdir/toc/ecip0517/2005022850.html">http://www.loc.gov/catdir/toc/ecip0517/2005022850.html</a>
906 ## - LOCAL DATA ELEMENT F, LDF (RLIN)
a 7
b cbc
c orignew
d 1
e ecip
f 20
g y-gencatlg
942 ## - ADDED ENTRY ELEMENTS (KOHA)
Source of classification or shelving scheme Library of Congress Classification
Koha item type Monograph ( Printed materials)
Holdings
Withdrawn status Lost status Source of classification or shelving scheme Damaged status Not for loan Collection code Home library Current library Shelving location Date acquired Total Checkouts Full call number Barcode Date last seen Price effective from Koha item type
    Library of Congress Classification     Main Collection ARRUPE LIBRARY ARRUPE LIBRARY Main Collection 04/11/2021   HN780.Z9 S628 2005 46600007110 04/11/2021 04/11/2021 Monograph ( Printed materials)

 

Arrupe Library. PO Box MP320 Mt Pleasant, Harare, Zimbabwe
263 242 745411|librarian@aju.ac.zw